Statistics for N Marks the Spot

Click here to take the quiz!

General Stats

  • This quiz has been taken 34 times
  • The average score is 13 of 21

Answer Stats

Hint Answer % Correct
Taste, touch, etcSense
94%
Author ErnestHemingway
87%
Snake injectionVenom
87%
Battlefield vehiclesTanks
87%
February sweetheartValentine
87%
Artificial waterwayCanal
84%
Dahl's WillyWonka
81%
Inhabited by ghostsHaunted
77%
Swooned, blacked outFainted
77%
Irritate, botherAnnoy
71%
TV selectionChannel
68%
Deliverance instrumentBanjo
65%
Malaria medicineQuinine
58%
Caribbean nationGrenada
55%
The Scream artistMunch
55%
100 year old personCentenarian
52%
Lose control, freak outPanic
42%
Tunisian moneyDinar
26%
Ghost, spectrePhantom
16%
Enlarge, zoom in onMagnify
13%
Insulting, derogatoryOffensive
6%

Score Distribution

Percentile by Number Answered

Percent of People with Each Score

Your Score History

You have not taken this quiz